00213 a2200109 4500001000700000020000600007040001100013100002100024240002700045245002200072362000900094171005 a  cMagnum aSchall, Virginia10aO sonho de carloslpor10aO sonho de carlos0 a1899